000 01115nam a2200229Ia 4500
003 PE SENCICO BE
005 20251020182431.0
008 200515s9999 xx 000 0 und d
020 _a84-7953-365-X
040 _aPE SENCICO BE
_cPE SENCICO BE
041 _aspa
082 _a658.4092
_bH94
100 1 _aHunter, James C.
_92603
_eautor
245 1 0 _aLa paradoja :
_bun relato sobre la verdadera esencia del liderazgo /
_cJames C. Hunter
260 _aBarcelona :
_bUrano ;
_c1999
300 _a173 p. :
_btbl. ;
_c20 cm.
505 0 _aLas definiciones -- El modelo -- El verbo -- El entorno -- La elección -- Los resultados
520 3 _aEste libro nos enseña que dirigir consiste paradójicamente, en servir a los demás, porque un buen líder está pendiente de sus subordinados para atender a sus legítimas necesidades, ayudarles a cumplir sus aspiraciones y aprovechar sus capacidades al máximo. Una reflexión inteligente que ha servido de inspiración a numerosos directivos norteamericanos.
650 1 0 _aLiderazgo
_9931
650 2 0 _aParadigmas (Ciencias sociales)
_92604
942 _cLIB
_2ddc
999 _c266
_d266